The Economics of Education /
Պահպանված է:
| Հիմնական հեղինակ: | |
|---|---|
| Ձևաչափ: | Գիրք |
| Լեզու: | անգլերեն |
| Հրապարակվել է: |
Londres, Inglaterra :
Macmillan,
1973, c1973::::
|
| Շարք: | (MacMillan Studies in Economics)
|
| Խորագրեր: | |
| Ցուցիչներ: |
Չկան պիտակներ, Եղեք առաջինը, ով նշում է այս գրառումը!
|
MARC
| LEADER | 00000nam^a2200000^a^4500 | ||
|---|---|---|---|
| 001 | 000184714 | ||
| 005 | 20250521000000.0 | ||
| 009 | 20260310102126.685 | ||
| 022 | |a 333-14766-9 | ||
| 037 | |a Acervo ITESO - Biblioteca | ||
| 041 | |a ING | ||
| 082 | |a 338. 4737 |b VAI | ||
| 100 | |a Vaizey, John |e (autor) | ||
| 245 | 1 | 4 | |a The Economics of Education / |c J. Vaizey. |
| 264 | 4 | |a Londres, Inglaterra : |b Macmillan, |c 1973, c1973:::: | |
| 300 | |a 63 p. | ||
| 336 | |a texto |b txt |2 rdacontenido | ||
| 337 | |a sin mediación |b n |2 rdamedio | ||
| 338 | |a volumen |b nc |2 rdasoporte | ||
| 440 | 1 | |a (MacMillan Studies in Economics) | |
| 649 | |a XX | ||
| 650 | |a Inversiones | ||
| 650 | |a Análisis de Costos y Ganancias | ||
| 650 | |a Análisis Económico | ||
| 650 | |a Finanzas | ||
| 650 | |a Demanda de Educación | ||
| 650 | |a Política Educativa | ||
| 650 | |a Política Económica | ||
| 650 | |a Educación y Desarrollo | ||
| 650 | |a Desarrollo Económico-Social | ||
| 650 | |a Educación - |x Aspectos Económicos | ||
| 650 | |a Sociología de la Educación | ||
| 650 | |a Sociología de la Economía | ||
| 910 | |a Fondo General | ||
| 920 | |a Impresos - Libros | ||
| 930 | |a Colección General | ||
| 905 | |a 101 | ||
| 901 | |a 0500125966 |b IT1 |c ACC |u 20250521 | ||
| 902 | |a https://opac.biblio.iteso.mx/vufind/Record/000184714 | ||